[Event "World-chT Rapid"]
[Site "Dusseldorf"]
[Date "2023.08.28"]
[Round "9"]
[White "Strahl, Christian"]
[Black "Methu, Joseph Muraga"]
[Result "0-1"]
[WhiteElo "1857"]
[BlackElo "1989"]
[PlyCount "45"]
[EventDate "2023.08.26"]
[EventType "team-swiss (rapid)"]
[EventRounds "12"]
[EventCountry "GER"]
[SourceTitle "CBM 215 Extra"]
[Source "ChessBase"]
[SourceDate "2023.09.30"]
[SourceVersion "1"]
[SourceVersionDate "2023.09.30"]
[SourceQuality "1"]
[WhiteTeam "Bayreuth Unischach"]
[BlackTeam "Kenya Commercial Bank"]
[WhiteTeamCountry "GER"]
[BlackTeamCountry "KEN"]

1. e4 Nf6 2. e5 Nd5 3. d4 Nb6 4. Nf3 d6 5. Be2 g6 6. 0-0 Bg7 7. exd6 cxd6 8. c4 0-0 9. h3 Nc6 10. Nc3 Bf5 11. a3 Rc8 12. b3 e5 13. Be3 e4 14. Ng5 d5 15. g4 Be6 16. c5 Nd7 17. b4 Qf6 18. Nxe6 fxe6 19. Bb5 Qh4 20. Kg2 Rf3 21. Rh1 Rcf8 22. Qd2 Bh6 23. Kg1 0-1

[Event "World-chT Rapid"]
[Site "Dusseldorf"]
[Date "2023.08.27"]
[Round "6.18"]
[White "Strahl, Christian"]
[Black "Katz, Roland"]
[Result "1/2-1/2"]
[WhiteElo "1857"]
[BlackElo "2035"]
[PlyCount "142"]
[EventDate "2023.08.26"]
[EventType "team-swiss (rapid)"]
[EventRounds "12"]
[EventCountry "GER"]
[SourceTitle "CBM 215 Extra"]
[Source "ChessBase"]
[SourceDate "2023.09.30"]
[SourceVersion "1"]
[SourceVersionDate "2023.09.30"]
[SourceQuality "1"]
[WhiteTeam "Bayreuth Unischach"]
[BlackTeam "Magdeburg and Friends"]
[WhiteTeamCountry "GER"]
[BlackTeamCountry "GER"]

1. e4 c6 2. d4 d5 3. e5 Bf5 4. h4 h5 5. Bg5 Qb6 6. Bd3 Bxd3 7. Qxd3 Qxb2 8. Nf3 e6 9. 0-0 Be7 10. Nbd2 Qb6 11. Rab1 Qc7 12. c4 b6 13. Rfc1 Qd7 14. a4 Bxg5 15. Nxg5 Ne7 16. cxd5 cxd5 17. a5 Nf5 18. axb6 axb6 19. Rxb6 0-0 20. Rcb1 Qa4 21. R6b4 Qa6 22. Qf3 g6 23. Qf4 Nc6 24. Rb6 Ncxd4 25. Rxa6 Ne2+ 26. Kf1 Nxf4 27. Rab6 Rac8 28. g3 Nd3 29. Ke2 Nxe5 30. R1b2 Nc4 31. Nxc4 Rxc4 32. Rb7 Nd6 33. Rd7 Ne4 34. Nf3 Nc5 35. Re7 d4 36. Ne5 Ra4 37. Rc2 d3+ 38. Nxd3 Nxd3 39. Kxd3 Ra5 40. Rcc7 Rd5+ 41. Ke4 Rd2 42. Ke3 Ra2 43. Kf3 Ra6 44. Kf4 Kg7 45. Ke4 Kf6 46. Kf4 Ra4+ 47. Ke3 Ra2 48. Rb7 Ra5 49. f3 e5 50. Rec7 Ra6 51. Ke4 Re6 52. Rd7 Kg7 53. Rb5 Rfe8 54. Rbb7 Rf6 55. Re7 Rxe7 56. Rxe7 Ra6 57. Rxe5 Kf6 58. Rd5 Ra4+ 59. Ke3 Ke6 60. Rb5 Kf6 61. Rb6+ Kg7 62. Rb7 Ra5 63. Rc7 Re5+ 64. Kf4 Re6 65. Rb7 Kf6 66. Ra7 Rb6 67. Rc7 Rb4+ 68. Ke3 Rb6 69. Ra7 Ke6 70. Ra5 f6 71. Ra7 f5 1/2-1/2

[Event "Mittelfrank Regionalliga Nord-West 2122"]
[Site "Mittelfranken"]
[Date "2022.06.26"]
[Round "3.6"]
[White "Horther, Heinrich"]
[Black "Strahl, Christian"]
[Result "1/2-1/2"]
[WhiteElo "1891"]
[BlackElo "1971"]
[PlyCount "99"]
[EventDate "2021.10.24"]
[EventType "team-tourn"]
[EventRounds "9"]
[EventCountry "GER"]
[SourceTitle "EXT 2024"]
[Source "ChessBase"]
[SourceDate "2023.10.10"]
[SourceVersion "1"]
[SourceVersionDate "2023.10.10"]
[SourceQuality "1"]
[WhiteTeam "Kronach"]
[BlackTeam "Marktleuthen"]
[WhiteTeamCountry "GER"]
[BlackTeamCountry "GER"]

1. e4 c6 2. d4 d5 3. exd5 cxd5 4. c4 Nf6 5. Nc3 Nc6 6. Nf3 Bg4 7. Be2 e6 8. 0-0 Be7 9. cxd5 Nxd5 10. h3 Bh5 11. Re1 0-0 12. Be3 Bf6 13. Qd2 Rc8 14. Rac1 Qa5 15. Nxd5 Qxd5 16. Rc5 Bxf3 17. Rxd5 Bxd5 18. b3 Rfd8 19. Rc1 a6 20. Bc4 Be4 21. Bd3 Bxd3 22. Qxd3 g6 23. Qe4 Rd5 24. Rc5 Rcd8 25. Rxd5 Rxd5 26. Qf4 Bxd4 27. Bxd4 Rxd4 28. Qc7 Nd8 29. a4 Rd5 30. Kf1 Kf8 31. Qc3 h5 32. Ke2 Nc6 33. Ke1 Ke7 34. Qc4 Kd7 35. Qf4 Nd8 36. Qc4 b5 37. axb5 axb5 38. Qb4 Kc7 39. Qe7+ Kc6 40. Qa7 Nb7 41. Qa8 Kb6 42. Qf8 Nd6 43. b4 Kc6 44. Qa8+ Kd7 45. Qa7+ Ke8 46. Qc7 Kf8 47. Qc3 Ne4 48. Qh8+ Ke7 49. Qc8 Nf6 50. Qb7+ 1/2-1/2

[Event "Arber op 7th"]
[Site "Bodenmais"]
[Date "2018.07.31"]
[Round "4"]
[White "Medunova, Vera"]
[Black "Strahl, Christian"]
[Result "1/2-1/2"]
[WhiteElo "2101"]
[BlackElo "1861"]
[PlyCount "71"]
[EventDate "2018.07.28"]
[EventType "swiss"]
[EventRounds "9"]
[EventCountry "GER"]
[SourceTitle "CBM 185 Extra"]
[Source "ChessBase"]
[SourceDate "2018.07.29"]
[SourceVersion "1"]
[SourceVersionDate "2018.07.29"]
[SourceQuality "1"]

1. e4 c6 2. d4 d5 3. e5 Bf5 4. Nc3 e6 5. g4 Bg6 6. Nge2 h5 7. Nf4 Ne7 8. Nxg6 Nxg6 9. gxh5 Nh4 10. Qg4 Nf5 11. Bd3 Qd7 12. Bd2 Na6 13. a3 Nc7 14. 0-0-0 0-0-0 15. Bxf5 exf5 16. Qf3 g6 17. hxg6 fxg6 18. Bg5 Bh6 19. Qg2 Ne6 20. Bxh6 Rxh6 21. h4 Rdh8 22. Ne2 Qh7 23. f4 Nf8 24. c4 dxc4 25. d5 cxd5 26. Qxd5 Qe7 27. Rd4 Rxh4 28. Rhd1 Ne6 29. Rxc4+ Kb8 30. Qd6+ Qxd6 31. Rxd6 Re8 32. b3 g5 33. fxg5 Rxc4+ 34. bxc4 Nxg5 35. Rg6 Rxe5 36. Rxg5 1/2-1/2

[Event "Arber op 7th"]
[Site "Bodenmais"]
[Date "2018.07.30"]
[Round "3"]
[White "Strahl, Christian"]
[Black "Lindstaedt, Erik"]
[Result "1-0"]
[WhiteElo "1861"]
[BlackElo "919"]
[PlyCount "85"]
[EventDate "2018.07.28"]
[EventType "swiss"]
[EventRounds "9"]
[EventCountry "GER"]
[SourceTitle "CBM 185 Extra"]
[Source "ChessBase"]
[SourceDate "2018.07.29"]
[SourceVersion "1"]
[SourceVersionDate "2018.07.29"]
[SourceQuality "1"]

1. e4 c6 2. d4 d6 3. Nc3 Nf6 4. Bf4 e6 5. Qd2 d5 6. exd5 exd5 7. 0-0-0 Be7 8. Bd3 0-0 9. f3 Nbd7 10. Nge2 c5 11. dxc5 Nxc5 12. Kb1 Ne6 13. Bb5 a6 14. Ba4 b5 15. Bb3 Bb4 16. Bxd5 Nxd5 17. Qxd5 Qxd5 18. Nxd5 Bc5 19. b4 Ba7 20. Nc7 Nxc7 21. Bxc7 Be6 22. Bf4 Rac8 23. Rd2 Rc4 24. c3 Bb6 25. Rd6 Rb8 26. Rxe6 Rxf4 27. Rxb6 Rxb4+ 28. cxb4 Rxb6 29. Rd1 f6 30. Nf4 Kf7 31. Rd7+ Kg8 32. Re7 Kf8 33. Re6 Rxe6 34. Nxe6+ Ke7 35. Nc7 g5 36. Nxa6 h5 37. Nc7 f5 38. Nxb5 Kf6 39. a4 Ke5 40. a5 g4 41. a6 gxf3 42. gxf3 Kf4 43. a7 1-0

[Event "Arber op 7th"]
[Site "Bodenmais"]
[Date "2018.07.28"]
[Round "1"]
[White "Strahl, Christian"]
[Black "Hausner, Ivan"]
[Result "0-1"]
[WhiteElo "1861"]
[BlackElo "2321"]
[PlyCount "106"]
[EventDate "2018.07.28"]
[EventType "swiss"]
[EventRounds "9"]
[EventCountry "GER"]
[SourceTitle "CBM 185 Extra"]
[Source "ChessBase"]
[SourceDate "2018.07.29"]
[SourceVersion "1"]
[SourceVersionDate "2018.07.29"]
[SourceQuality "1"]

1. e4 c5 2. Nf3 Nf6 3. e5 Nd5 4. Nc3 e6 5. Nxd5 exd5 6. d4 Nc6 7. dxc5 Bxc5 8. Bd3 d6 9. exd6 Qxd6 10. h3 0-0 11. 0-0 h6 12. c3 Re8 13. Re1 Bd7 14. Be3 Bxe3 15. Rxe3 Rxe3 16. fxe3 Re8 17. Qd2 Ne5 18. Rf1 Nxd3 19. Qxd3 Qb6 20. Qxd5 Qxe3+ 21. Kh1 Bc6 22. Qb3 Qf4 23. Qd1 Re3 24. Qd4 Qxd4 25. Nxd4 Rxh3+ 26. Kg1 Rd3 27. Rf2 Bd5 28. a3 g6 29. Re2 Rg3 30. Rd2 Be4 31. Re2 Rg4 32. Nb5 a6 33. Nd4 h5 34. Rd2 Kg7 35. Nc2 Bxc2 36. Rxc2 Rc4 37. b3 Re4 38. Kf2 g5 39. c4 Rd4 40. Ke3 Rd1 41. b4 h4 42. c5 Ra1 43. Rc3 Ra2 44. Kf3 f6 45. Rd3 Kg6 46. Rd7 Rxa3+ 47. Kf2 Ra2+ 48. Kf1 a5 49. Rxb7 axb4 50. Rxb4 Rc2 51. Rb5 g4 52. Ra5 g3 53. Rb5 Rc1+ 0-1

[Event "Oberfranken-ch"]
[Site "Schney"]
[Date "2015.01.03"]
[Round "1"]
[White "Beier, Klaus"]
[Black "Strahl, Christian"]
[Result "1-0"]
[WhiteElo "2092"]
[BlackElo "1877"]
[PlyCount "63"]
[EventDate "2015.01.03"]
[EventType "swiss"]
[EventRounds "7"]
[EventCountry "GER"]
[SourceTitle "CBM 164 Extra"]
[Source "ChessBase"]
[SourceDate "2015.03.02"]
[SourceVersion "1"]
[SourceVersionDate "2015.03.02"]
[SourceQuality "1"]

1. d4 f5 2. Nf3 g6 3. Bf4 Nf6 4. e3 Bg7 5. Bc4 d5 6. Bb3 Ne4 7. Nbd2 Nxd2 8. Qxd2 e6 9. c4 c6 10. h4 h6 11. Ne5 Bxe5 12. Bxe5 0-0 13. e4 Kh7 14. Bf4 h5 15. f3 a5 16. 0-0-0 a4 17. Bc2 dxc4 18. g4 fxg4 19. fxg4 e5 20. Bh6 c3 21. bxc3 Bxg4 22. Bxf8 Qxf8 23. Rdf1 Qa3+ 24. Kb1 Be6 25. d5 Ra5 26. Bxa4 cxd5 27. Bb3 Rb5 28. Rf6 Rb6 29. Rxe6 Rxe6 30. Qxd5 Re7 31. Qg8+ Kh6 32. Qf8+ 1-0

[Event "Oberfranken-ch U16 1213"]
[Site "Schney"]
[Date "2013.01.03"]
[Round "1"]
[White "Schulz, Lukas"]
[Black "Strahl, Christian"]
[Result "1-0"]
[WhiteElo "1872"]
[BlackElo "1557"]
[PlyCount "39"]
[EventDate "2013.01.03"]
[EventType "swiss"]
[EventRounds "7"]
[EventCountry "GER"]
[SourceTitle "EXT 2015"]
[Source "ChessBase"]
[SourceDate "2014.11.20"]
[SourceVersion "1"]
[SourceVersionDate "2014.11.20"]
[SourceQuality "1"]

1. e4 c6 2. Nc3 d5 3. g3 dxe4 4. Nxe4 Nd7 5. Qe2 e6 6. Bg2 Ngf6 7. d3 h6 8. Bf4 Nc5 9. Nf3 Ncxe4 10. dxe4 Qb6 11. c3 Bc5 12. 0-0 0-0 13. Rad1 Rd8 14. Nd2 Qxb2 15. e5 Nd5 16. Bxh6 Bf8 17. Qg4 Qxc3 18. Bf4 Nxf4 19. Ne4 Qa5 20. Nf6+ 1-0

[Event "Oberfranken-ch U16"]
[Site "Lichtenfels"]
[Date "2012.01.06"]
[Round "7.3"]
[White "Greger, Matthias"]
[Black "Strahl, Christian"]
[Result "1-0"]
[WhiteElo "1721"]
[BlackElo "1285"]
[PlyCount "87"]
[EventDate "2012.01.03"]
[EventType "swiss"]
[EventRounds "7"]
[EventCountry "GER"]
[SourceTitle "EXT 2019"]
[Source "ChessBase"]
[SourceDate "2018.10.10"]
[SourceVersion "1"]
[SourceVersionDate "2018.10.10"]
[SourceQuality "1"]

1. e4 c6 2. d4 d5 3. e5 Bf5 4. Bd3 Bxd3 5. Qxd3 e6 6. c3 Ne7 7. f4 Nf5 8. Nf3 Nd7 9. Nbd2 Qb6 10. Nf1 Be7 11. g4 Nh4 12. Nxh4 Bxh4+ 13. Ng3 h5 14. g5 g6 15. Kd2 Bxg3 16. hxg3 0-0-0 17. b3 c5 18. Ke3 cxd4+ 19. cxd4 Nb8 20. Rh2 Nc6 21. Ba3 Kd7 22. Rah1 Rhg8 23. Bc5 Qa5 24. Rb1 Nb4 25. Qc3 Nc6 26. b4 Qb5 27. Qb3 Ne7 28. Bxe7 Kxe7 29. Rc2 Rc8 30. Rc5 Qd7 31. Rbc1 Rxc5 32. bxc5 Qc6 33. a4 a6 34. Rb1 Rb8 35. Qa3 Ke8 36. Rb6 Qc7 37. Qb4 Qe7 38. Rxa6 Kd8 39. Rd6+ Kc8 40. Qb5 Kc7 41. a5 Kc8 42. c6 bxc6 43. Rxc6+ Kd7 44. Rb6+ 1-0

[Event "Oberfranken-ch"]
[Site "Schney"]
[Date "2011.01.04"]
[Round "3"]
[White "Schulz, Lukas"]
[Black "Strahl, Christian"]
[Result "1-0"]
[WhiteElo "1673"]
[BlackElo "807"]
[PlyCount "53"]
[EventDate "2011.01.03"]
[EventType "swiss"]
[EventRounds "7"]
[EventCountry "GER"]
[SourceTitle "EXT 2022"]
[Source "ChessBase"]
[SourceDate "2021.10.06"]
[SourceVersion "1"]
[SourceVersionDate "2021.10.06"]
[SourceQuality "1"]

1. e4 c6 2. d4 d5 3. exd5 cxd5 4. Bd3 Nc6 5. c3 Nf6 6. f4 e6 7. Nf3 Bd6 8. 0-0 0-0 9. Ne5 Bxe5 10. fxe5 Nd7 11. Qh5 g6 12. Qh6 Kh8 13. Bg5 Qe8 14. Rf3 Rg8 15. Rh3 Rg7 16. Bf6 Qg8 17. Na3 a6 18. Rf1 b5 19. Rf4 Bb7 20. Rfh4 Nf8 21. Nc2 Rb8 22. Ne3 Ba8 23. Ng4 Rb7 24. Bxg7+ Qxg7 25. Nf6 Qxh6 26. Rxh6 Ra7 27. Rxh7+ 1-0

[Event "Oberfranken-ch"]
[Site "Schney"]
[Date "2011.01.03"]
[Round "1"]
[White "Moenius, Alexander"]
[Black "Strahl, Christian"]
[Result "0-1"]
[WhiteElo "1470"]
[BlackElo "807"]
[PlyCount "102"]
[EventDate "2011.01.03"]
[EventType "swiss"]
[EventRounds "7"]
[EventCountry "GER"]
[SourceTitle "EXT 2022"]
[Source "ChessBase"]
[SourceDate "2021.10.06"]
[SourceVersion "1"]
[SourceVersionDate "2021.10.06"]
[SourceQuality "1"]

1. e4 c6 2. d4 d5 3. exd5 cxd5 4. Bd3 Nc6 5. Nf3 Bg4 6. c3 e5 7. dxe5 Nxe5 8. Qa4+ Bd7 9. Qd1 Nxf3+ 10. Qxf3 Bc6 11. 0-0 Bd6 12. Re1+ Ne7 13. Bg5 0-0 14. Qh5 g6 15. Qh4 Re8 16. Qh6 Nf5 17. Rxe8+ Qxe8 18. Qh3 Qe1+ 19. Bf1 Bc5 20. Qf3 Bb5 21. Na3 Qxa1 22. Nxb5 Qxb2 23. g4 Nd6 24. Nxd6 Bxd6 25. Qxd5 Qb6 26. c4 Qc6 27. Qd4 Qc5 28. Qd2 Qe5 29. f4 Bc5+ 30. Kg2 Qe4+ 31. Kg3 Qe3+ 32. Qxe3 Bxe3 33. Bg2 Rc8 34. Bd5 Rc5 35. Bf6 b5 36. Be7 Rc7 37. Bd6 Rd7 38. c5 Bxc5 39. Bxc5 Rxd5 40. Bxa7 Rd3+ 41. Kh4 Ra3 42. Bc5 Rxa2 43. Kg3 Rc2 44. Bb4 Rc4 45. Bd2 b4 46. Bxb4 Rxb4 47. g5 Kg7 48. Kg4 f5+ 49. gxf6+ Kxf6 50. h4 h5+ 51. Kg3 Kf5 0-1

[Event "Oberfranken-ch U14 0910"]
[Site "Schney"]
[Date "2010.01.03"]
[Round "2"]
[White "Betz, Daniel"]
[Black "Strahl, Christian"]
[Result "1-0"]
[WhiteElo "917"]
[BlackElo "1611"]
[PlyCount "81"]
[EventDate "2010.01.03"]
[EventType "swiss"]
[EventRounds "7"]
[EventCountry "GER"]
[SourceTitle "EXT 2015"]
[Source "ChessBase"]
[SourceDate "2014.11.20"]
[SourceVersion "1"]
[SourceVersionDate "2014.11.20"]
[SourceQuality "1"]

1. e4 e5 2. Nf3 d6 3. Nc3 Bg4 4. Be2 Nf6 5. Ng5 Bxe2 6. Qxe2 Qd7 7. 0-0 Nc6 8. Nb5 Nd4 9. Qd3 Nxb5 10. Qb3 Nd4 11. Qxb7 Qc8 12. Qb4 Nxc2 13. Qa4+ Nd7 14. Qxc2 h6 15. Nf3 Qb7 16. d3 0-0-0 17. Qa4 Nc5 18. Qa5 Nxd3 19. Be3 Kb8 20. Rab1 f6 21. Rfd1 Nb4 22. a3 Nc6 23. Qa4 Ne7 24. Rdc1 Nc8 25. Rc3 Nb6 26. Qc2 d5 27. Rc1 Rc8 28. Bxb6 axb6 29. Nh4 dxe4 30. Ng6 Rg8 31. Nxf8 Rgxf8 32. b4 g5 33. a4 f5 34. a5 b5 35. a6 Qa7 36. Qe2 Qxa6 37. Rc6 Qa4 38. R6c5 Qxb4 39. Rxb5+ Qxb5 40. Qxb5+ Ka8 41. Ra1# 1-0